Sports Quiz

Random Sports or NFL Quiz

New England Patriots Playoff Wins Quiz Stats

 Plays Quiz not verified by Sporcle

Score 0/37 Timer 08:00
0 Plays Today
Season Team % Correct
2016Atlanta Falcons
88%
2014Seattle Seahawks
85.5%
2016Pittsburgh Steelers
85.5%
2014Indianapolis Colts
84.9%
2001St. Louis Rams
84.3%
2016Houston Texans
83.7%
2001Oakland Raiders
83.1%
2004Philadelphia Eagles
83.1%
2014Baltimore Ravens
82.5%
2018Los Angeles Chargers
82.4%
2018Kansas City Chiefs
82.4%
2003Carolina Panthers
81.9%
2015Kansas City Chiefs
80.7%
2017Jacksonville Jaguars
80.2%
2001Pittsburgh Steelers
80.1%
2003Indianapolis Colts
80.1%
2018Los Angeles Rams
79.5%
2017Tennessee Titans
79.1%
2004Indianapolis Colts
78.9%
Season Team % Correct
2004Pittsburgh Steelers
77.7%
2011Baltimore Ravens
77.7%
2011Denver Broncos
77.1%
2007San Diego Chargers
76.5%
2003Tennessee Titans
75.3%
2007Jacksonville Jaguars
74.7%
2013Indianapolis Colts
74.7%
2006San Diego Chargers
71.7%
2005Jacksonville Jaguars
71.1%
2012Houston Texans
71.1%
1985Miami Dolphins
70.5%
2006New York Jets
67.5%
1996Jacksonville Jaguars
63.3%
1963Buffalo Bills
60.8%
1996Pittsburgh Steelers
60.2%
1985New York Jets
59.6%
1997Miami Dolphins
58.4%
1985Los Angeles Raiders
57.8%

You're not logged in!

Compare scores with friends on all Sporcle quizzes.
OR
Log In

Sporcle TV

Today on Sporcle TV


Watch our educational content, quiz creation guides, and fun videos on Sporcle TV.

Show Comments

Extras

Top Quizzes Today


Score Distribution

Your Account Isn't Verified!

In order to create a playlist on Sporcle, you need to verify the email address you used during registration. Go to your Sporcle Settings to finish the process.

Report this User

Report this user for behavior that violates our Community Guidelines.

Details: